| 000 | 00636nam a2200229 i 4500 | ||
|---|---|---|---|
| 001 | C2-0289471 | ||
| 003 | PPAK | ||
| 005 | 20180728022245.0 | ||
| 008 | 080819s xx |||| ||||| | may d | ||
| 040 |
_aPPAK _beng _cPPAK _erda |
||
| 082 | 0 | 4 |
_a915.95 _223 |
| 090 | 0 | 0 |
_a915.95 _bNOO _dKK |
| 100 | 0 |
_aNoor Nazlia Mohd Iqbal @ Alia, _eauthor |
|
| 245 | 1 | 0 | _aPuncak dunia di Sungai Sedim |
| 300 |
_a[8 pages] ; _c30 cm |
||
| 336 |
_2rdacontent _atext |
||
| 337 |
_2rdamedia _aunmediated |
||
| 338 |
_2rdacarrier _avolume |
||
| 500 | _aPetikan dari majalah Libur 2007 | ||
| 650 | 1 | 0 | _aMalaysia - Description and travel. |
| 942 |
_ddc _cB |
||
| 999 |
_c94894 _d94894 |
||